Modern materials and manufacturing processes / (Record no. 31616)

000 -LEADER
fixed length control field 01055pam a2200325 a 4500
001 - CONTROL NUMBER
control field 3417334
003 - CONTROL NUMBER IDENTIFIER
control field 81-317-1152-8
005 - DATE AND TIME OF LATEST TRANSACTION
control field 20211214123211.0
008 - FIXED-LENGTH DATA ELEMENTS--GENERAL INFORMATION
fixed length control field 900910r19901987njua 001 0 eng
010 ## - LIBRARY OF CONGRESS CONTROL NUMBER
LC control number 90048626
020 ## - INTERNATIONAL STANDARD BOOK NUMBER
International Standard Book Number 8131711528
038 ## - RECORD CONTENT LICENSOR
Staff Name khadija
040 ## - CATALOGING SOURCE
Original cataloging agency DLC
Transcribing agency DLC
Modifying agency DLC
050 00 - LIBRARY OF CONGRESS CALL NUMBER
Classification number TS183
Item number .N44 1990
082 00 - DEWEY DECIMAL CLASSIFICATION NUMBER
Classification number 670
Edition number 20
Author Mark MOD
100 1# - MAIN ENTRY--PERSONAL NAME
Personal name Neely, John.
9 (RLIN) 86582
245 10 - TITLE STATEMENT
Title Modern materials and manufacturing processes /
Statement of responsibility, etc. Kibbe, Richard R.
260 ## - PUBLICATION, DISTRIBUTION, ETC.
Place of publication, distribution, etc. Englewood Cliffs, N.J. :
Name of publisher, distributor, etc. Prentice Hall,
Date of publication, distribution, etc. [1990], c1987.
300 ## - PHYSICAL DESCRIPTION
Extent xii, 479 p. :
Other physical details ill. ;
Dimensions 29 cm.
500 ## - GENERAL NOTE
General note Hardcover.
500 ## - GENERAL NOTE
General note Includes index.
563 ## - BINDING INFORMATION
Binding note paperback
650 #0 - SUBJECT ADDED ENTRY--TOPICAL TERM
Topical term or geographic name entry element Manufacturing processes.
9 (RLIN) 14649
650 #0 - SUBJECT ADDED ENTRY--TOPICAL TERM
Topical term or geographic name entry element Materials.
9 (RLIN) 1466
650 #0 - SUBJECT ADDED ENTRY--TOPICAL TERM
Topical term or geographic name entry element Metal-work.
9 (RLIN) 86583
700 1# - ADDED ENTRY--PERSONAL NAME
Personal name Kibbe, Richard R.
9 (RLIN) 86584
906 ## - LOCAL DATA ELEMENT F, LDF (RLIN)
a 7
b cbc
c orignew
d 1
e ocip
f 19
g y-gencatlg
942 ## - ADDED ENTRY ELEMENTS (KOHA)
Source of classification or shelving scheme
Koha item type Book
Classification part 670
Holdings
Withdrawn status Lost status Source of classification or shelving scheme Damaged status Not for loan Permanent Location Current Location Shelving location Date acquired Full call number Barcode Date last seen Price effective from Koha item type
          School of Mechanical & Manufacturing Engineering (SMME) School of Mechanical & Manufacturing Engineering (SMME) General Stacks 06/26/2015 670 MOD SMME-125 03/28/2018 06/26/2015 Book
© 2023 Central Library, National University of Sciences and Technology. All Rights Reserved.